| 000 | 00351nam a2200133Ia 4500 | ||
|---|---|---|---|
| 005 | 20251222143144.0 | ||
| 008 | 251222s9999||||xx |||||||||||||| ||spa|| | ||
| 020 | _a978-84-368-2105-5 | ||
| 082 | _a333.714/E73 | ||
| 100 | _aErias Rey, Antonio Álvarez | ||
| 245 | 0 | _aEvaluación Ambiental y Desarrollo Sostenible | |
| 264 | _bPirámide | ||
| 942 | _cLIB | ||
| 999 |
_c12416 _d12416 |
||